000 01134nam a2200229Ia 4500
001 8157
005 20260410150111.0
008 260306t2012||||xx |||||||||||||| ||spa||
041 _aESP
082 _a370.114
_bR75
100 _aRodríguez Jiménez, Rosa M.
_eAUT
245 0 _aEducación en valores en el ámbito universitario:
_bpropuestas y experiencias
260 _c2012
300 _a188 páginas :
_c23 cm.
650 _aGEN
654 _aCED
856 _uhttps://itmsp.museknowledge.com/UCSP?url=https://www.ebooks7-24.com:443/?il=12085&pg=1
_zVéase además: Formación del estudiante universitario: valores y propósito. Versión digital
856 _uhttps://0u213vxkx-y-https-ebooks7--24-com.itmsp.museknowledge.com/biblioteca.aspx
_zVéase además: Base de datos Ebook7-24
856 _uhttps://0u20fvxkz-y-https-research-ebsco-com.itmsp.museknowledge.com/c/qxo6us/search
_zVéase además: Base de datos EBSCOhost
856 _uhttps://0u20vvxdg-y-https-ebookcentral-proquest-com.itmsp.museknowledge.com/lib/catolicasp/home.action
_zVéase además: Base de datos ProQuest Ebook Central
942 _cLIB
_dJUS
_fJUS
_2ddc
999 _c8157
_d8157